Physics / Part 1 and 2: Combined Third Edition (Record no. 1957)
[ view plain ]
| 000 -LEADER | |
|---|---|
| fixed length control field | 01310cam a22002174a 4500 |
| 005 - ΗΜΕΡΟΜΗΝΙΑ ΚΑΙ ΩΡΑ ΤΕΛΕΥΤΑΙΑΣ ΕΝΗΜΕΡΩΣΗΣ | |
| Πεδίο ελέγχου | 20250605164024.0 |
| 008 - FIXED-LENGTH DATA ELEMENTS--GENERAL INFORMATION | |
| Πεδίο ελέγχου σταθερού μήκους | 250528s ||||||||||||||||||||||||d |
| 035 ## - SYSTEM CONTROL NUMBER | |
| System control number | 16458 |
| 020 ## - ISBN | |
| ISBN | 47134530 |
| 040 ## - ΠΗΓΗ ΚΑΤΑΛΟΓΟΓΡΑΦΗΣΗΣ | |
| Φορέας πρωτότυπης καταλογογράφησης | MC Athens Campus Library |
| Γλώσσα καταλογογράφησης | Ελληνικά, Μοντέρνα (1453-) |
| Modifying agency | MC Athens Campus Library |
| Κανόνες περιγραφικής καταλογογράφησης | AACR2 |
| 245 1# - ΤΙΤΛΟΣ ΚΑΙ ΔΗΛΩΣΗ ΥΠΕΥΘΥΝΟΤΗΤΑΣ | |
| Τίτλος | Physics / Part 1 and 2: Combined Third Edition |
| 250 ## - EDITION STATEMENT | |
| Edition statement | 3rd |
| 260 ## - PUBLICATION, DISTRIBUTION, ETC. | |
| Name of publisher, distributor, etc. | John Wiley & Sons, |
| Date of publication, distribution, etc. | 1978 |
| 300 ## - PHYSICAL DESCRIPTION | |
| Extent | 1194 |
| 520 ## - SUMMARY, ETC. | |
| Summary, etc. | Measurement, Vectors, Motion in One Dimension, Motion in a Plane, Particle Dynamics, Work and Energy, The Conservation of Energy, Conservation of Linear Momentum, Collisions, Rotational Kinematics, Rotational Dynamics I, Rotational Dynamics II and the Conservation of Angular Momentum, Oscillations, Gravitation, Fluid Statics, Fluid Dynamics, Waves in Elastic Media, Sound Waves, Temperature, Heat and the First Law of Thermodynamics, Kinetic Theory of Gases, Entropy and the Second Law of Thermodynamics, Charge and Matter, The Electric Field, Gauss's Law, Electric Potential, Capacitors and Dielectrics, Current and Resistance, The Magnetic Field, Ampere's Law, Inductance, Electromagnetic Waves, Interference, Diffraction, Polarization, Waves and Particles, Appendices, Index. |
| 700 1# - ΠΡΟΣΘΕΤΗ ΑΝΑΓΡΑΦΗ--ΦΥΣΙΚΟ ΠΡΟΣΩΠΟ | |
| Personal name | Halliday David |
| 9 (RLIN) | 2556 |
| 700 1# - ΠΡΟΣΘΕΤΗ ΑΝΑΓΡΑΦΗ--ΦΥΣΙΚΟ ΠΡΟΣΩΠΟ | |
| Personal name | Resnick Robert J |
| 9 (RLIN) | 2557 |
| 942 ## - ADDED ENTRY ELEMENTS (KOHA) | |
| Koha item type | Books |
| Τύπος τεκμηρίου | Βιβλιοθήκη | Τρέχουσα τοποθεσία | Barcode | Αριθμός εισαγωγής | Ημερομηνία απόκτησης | Ταξιθετικό σύμβολο | Αριθμός αντιτύπου | Κατάσταση απόσυρσης | Κατάσταση χαμένου | Κατάσταση κατεστραμμένου | Μη δανεισμός | Σύνολο δανεισμών | Ημερομηνία τελευταίας εμφάνισης | Η τιμή ισχύει από |
|---|---|---|---|---|---|---|---|---|---|---|---|---|---|---|
| Books | MC Athens Campus Library | MC Athens Campus Library | 9780000019561 | 4162 | 05/06/2025 | 530 HAL | 1 | 05/06/2025 | 05/06/2025 |